00577 2200229 4500001002100000005001700021008004100038035002400079082001000103090002000113100002500133245003600158250001100194260003300205300002400238650002500262850001200287980001500299985000600314999001500320990001200335YOGYA-0209000004893120090227032145.0 ind  0010-020900000048931 a796.4 a796.4bInd SlT aINDONESIA. Depdikbud aSenam pagi IndonesiacDepdikbud aCet. 5 aJakartabBalai Pustakac1978 a60 hlmbilusc21 cm aOlah raga senam pagi aYOPDYOG a18-10-2007 a1 aP000013915 a13915-P